01042 a2200229 45000010006000000050017000060080041000230030015000640400040000790800033001192450028001520200018001802500012001982640028002103000019002385050334002571000031005917000024006227000033006467000034006798560099007134704120260407155739.0260407a1982 arg spa dAR-UNSa-BCEJYS aAR-UNSa-BCEJYSbspacAR-UNSa-BCEJYS a330.101.541xMacroeconomía10aMacroeconomía Moderna a0-06-044492-4 a4a. ed. 1aMéxico :bHarlac1982 a685 p.c23 cm. a1. Introducción a la economía y al sistema de precios - 2. El sector público, desempleo e inflación - 3. Flujo circular, contabilidad del ingreso nacional y determianción del ingreso - 4. Política monetaria bancaria y de estabilización - 5. Crecimiento - 6. Economía internacional y otros sistemas económicos - 1 aChu Pulido, Mei Mei Alicia1 aMiller, Roger LeRoy1 aSpagnolo González, Alberto1 aPaniagua Bocanegra, Francisco41uhttps://www.biblioeco.unsa.edu.ar/pmb/images/libros/L127380.jpgyImagen de portadaqimage/jpeg